Český rok, op.24/2, pro dětský sbor a komorní orchestr na lidové texty (K.J. Erben : Písně české a říkadla) : klavírní úprava skladatelova /

Hlavní autor: Hanuš, Jan, 1915-2004
Další autoři: Erben, Karel Jaromír, 1811-1870
Jazyk: Čeština
Vydáno: Praha : Orbis, 1953
Vydání: 1. vyd.
Edice: Sborový repertoir
Témata:
Fyzický popis: 23 s.
Hudebniny Hudebniny
Uloženo v:
LEADER 00958ncm a2200241 a 4500
001 000576979
003 CZ BrMZK
005 20040802080655.0
008 010825s1953 xr f cze d
040 |a BOA001  |b cze  |c BOA001 
100 1 |a Hanuš, Jan,  |d 1915-2004  |7 jk01033474  |4 cmp 
245 1 0 |a Český rok, op.24/2, pro dětský sbor a komorní orchestr  |h [hudebnina] :  |b na lidové texty (K.J. Erben : Písně české a říkadla) : klavírní úprava skladatelova /  |c Jan Hanuš, K.J. Erben. [Sv.] 2.,Léto 
246 3 0 |a Léto 
250 |a 1. vyd. 
260 |a Praha :  |b Orbis,  |c 1953 
300 |a 23 s. 
490 1 |a Sborový repertoir ;  |v 26 
700 1 |a Erben, Karel Jaromír,  |d 1811-1870  |7 jk01030532  |4 aut 
830 0 |a Sborový repertoir 
910 |a BOA001  |b PK-N-0000.344,2 
964 |a Písně sborové dětské - doprovody klavírní 
990 |a MU 
996 7 |b 3119684605  |c PK-N-0000.344,2  |l MZK  |r Sklad / do 1 hodiny  |n 2  |w 000576979  |u 000010  |a 1  |e BOA001  |j MZK50  |s A